000
00317 a2200145 4500
001
168044
020
_a
040
_c
Magnum
100
_a
Mocelin, Renato
240
1
0
_a
Os guerrilheiros do contestado
_l
por
245
1
0
_a
Os guerrilheiros do contestado
362
0
_a
1899
697
_a
PARADIDATICO
942
_c
BK
999
_c
168044
_d
168044